000 01525nam a2200253Ia 4500
999 _c41500
_d41500
001 8167
003 GE_BSU
005 20240401113021.0
008 181216s2013||||ru |||||||||||||| ||rus||
020 _a9789941057083
040 _cGE_BSU
041 _arus
080 _a821.353.1.09 (063) И-25
245 _a"Иверский свет" русско-грузинские поэтические связи XX века :
_bНаучно-практическая конференция, (Грузия, Тбилиси, 14 июля 2013 года) : Сборник /
_cМеждународный культурно-просветительский союз "Русский клуб", Институт грузинской литературы им. Шота Руставели.
264 _aТбилиси.
_bМеждународный культурно-просветительский Союз "Русский клуб",
_c2013.
300 _a83 с. ;
_c20 см.
653 _aИверский свет русско-грузинские поетические связи XX века.
700 _aМегрелишвили, Татьяна
_eავტორი.
_921646
700 _aМодебадзе, Иринэ
_e ავტორი.
_921647
700 _aФилина, Мария
_e ავტორი.
_921648
700 _aЭлбакидзе, Мака
_e ავტორი.
_921649
710 _aИнститут грузинской литературы им. Шота Руставели
_921650
942 _cBK
_2udc